|
|
|
|
| LEADER |
007870000a22002410004500 |
| 020 |
|
|
|a 81-752-190-1
|
| 082 |
|
|
|a 378.175 095 402 02 P4
|
| 100 |
|
|
|a Neelam Kapoor; Editor
|
| 100 |
|
|
|a Sunita Vasal; Editor
|
| 100 |
|
|
|a Surender Singh; Editor
|
| 100 |
|
|
|a Veena Bhalla; Editor
|
| 245 |
|
|
|a Handbook on distance education 2004
|
| 250 |
|
|
|
| 260 |
|
|
|a New Delhi, Association of Indian Universities
|
| 260 |
|
|
|c 2004
|
| 460 |
|
|
|a 253p
|
| 465 |
|
|
|a Rs.200.00
|
| 500 |
|
|
|a ed by Veena Bhalla ...[et al.].
|
| 500 |
|
|
|a Includes index
|
| 650 |
|
|
|a Distance education-India-Handbooks
|
| 942 |
|
|
|c BK
|
| 999 |
|
|
|c 44564
|d 44564
|
| 952 |
|
|
|0 0
|1 0
|4 0
|6 378_175000000000000_095_402_02
|7 0
|8 REF
|9 45252
|a MGUL
|b MGUL
|d 2013-07-16
|e Rs.200.00
|l 0
|o 378.175 095 402 02 P4
|p 42815
|r 2013-07-16
|w 2013-07-16
|y REF
|